PROBABILIDAD Y ESTADISTICA PARA INGENIERIA Y ADMINISTRACION (Registro nro. 14439)
[ vista simple ]
| 000 -LEADER | |
|---|---|
| fixed length control field | 00611nam a2200205 a 4500 |
| 001 - CONTROL NUMBER | |
| control field | 14439 |
| 005 - DATE AND TIME OF LATEST TRANSACTION | |
| control field | 20180713202927.0 |
| 008 - FIXED-LENGTH DATA ELEMENTS--GENERAL INFORMATION | |
| fixed length control field | 140415s1994 mx 000 0 spa d |
| 020 ## - INTERNATIONAL STANDARD BOOK NUMBER | |
| International Standard Book Number | 9682612322 |
| 041 ## - LANGUAGE CODE | |
| Language code of text/sound track or separate title | spa |
| 082 ## - DEWEY DECIMAL CLASSIFICATION NUMBER | |
| Classification number | 519.5 |
| Item number | HIN |
| 100 1# - MAIN ENTRY--PERSONAL NAME | |
| Personal name | HINES, WILLIAM W. |
| 245 10 - TITLE STATEMENT | |
| Title | PROBABILIDAD Y ESTADISTICA PARA INGENIERIA Y ADMINISTRACION |
| 250 ## - EDITION STATEMENT | |
| Edition statement | 2a ed. |
| 260 ## - PUBLICATION, DISTRIBUTION, ETC. | |
| Place of publication, distribution, etc. | MEXICO : |
| Name of publisher, distributor, etc. | CECSA, |
| Date of publication, distribution, etc. | 1994 |
| 300 ## - PHYSICAL DESCRIPTION | |
| Extent | 834 |
| 650 14 - SUBJECT ADDED ENTRY--TOPICAL TERM | |
| Topical term or geographic name entry element | CONFIABILIDAD (INGENIERIA) |
| General subdivision | ESTADISTICA |
| -- | INGENIERIA |
| -- | PROBABILIDADES |
| 700 1# - ADDED ENTRY--PERSONAL NAME | |
| Personal name | NAGORE, GABRIEL |
| Relator term | tr. |
| 700 1# - ADDED ENTRY--PERSONAL NAME | |
| Personal name | Montgomery, Douglas C., |
| Relator term | coaut. |
| Withdrawn status | Lost status | Source of classification or shelving scheme | Damaged status | Not for loan | Collection code | Home library | Current library | Shelving location | Date acquired | Source of acquisition | Inventory number | Total Checkouts | Full call number | Barcode | Date last seen | Date last checked out | Price effective from | Koha item type |
|---|---|---|---|---|---|---|---|---|---|---|---|---|---|---|---|---|---|---|
| Dewey Decimal Classification | General | Biblioteca Karol Wojtyla | Biblioteca Karol Wojtyla | Sala general | 03/12/2013 | Compra | 151000000000000000034026 | 519.5 HIN | 31625 | 05/01/2026 | 09/02/2018 | 03/12/2013 | Libro | |||||
| Dewey Decimal Classification | General | Biblioteca Karol Wojtyla | Biblioteca Karol Wojtyla | Sala general | 03/12/2013 | Compra | 151000000000000000034031 | 519.5 HIN | 32157 | 05/01/2026 | 03/12/2013 | Libro | ||||||
| Dewey Decimal Classification | General | Biblioteca Karol Wojtyla | Biblioteca Karol Wojtyla | Sala general | 03/12/2013 | Compra | 151000000000000000034027 | 519.5 HIN | 31624 | 05/01/2026 | 03/12/2013 | Libro |